[Event "32. Copenhagen Open (Politiken Cup)"]
[Site "Elsinore"]
[Date "2010.07.31"]
[Round "1"]
[White "Maechel, Michael"]
[Black "Ostergaard, Rasmus"]
[Result "0-1"]
[WhiteElo "1748"]
[BlackElo "2145"]
[PlyCount "88"]
[EventDate "2010.07.31"]
[EventType "swiss"]
[EventRounds "10"]
[EventCountry "DEN"]
[Source "ChessBase"]
[SourceDate "2010.09.01"]

1. e4 c5 2. Nf3 e6 3. d4 cxd4 4. Nxd4 Nf6 5. Nc3 Nc6 6. Nxc6 bxc6 7. Bd3 d5 8.
exd5 cxd5 9. O-O Be7 10. Bf4 O-O 11. Nb5 Bb7 12. Qe2 Qd7 13. Rad1 Rfc8 14. Be5
Ne8 15. Nd4 Bf6 16. Bb5 Qe7 17. Bxe8 Rxe8 18. Bxf6 Qxf6 19. Qb5 Rab8 20. Qc5 e5
21. Nb5 Rec8 22. Qxa7 d4 23. c4 Qc6 24. f3 Ra8 25. Nxd4 exd4 26. Qxd4 Qxc4 27.
Qxc4 Rxc4 28. Rd7 Bc6 29. Rc7 Bd5 30. Rd7 Be6 31. Rb7 Rxa2 32. Rd1 g6 33. Rd8+
Kg7 34. Re8 Rc2 35. h4 Raxb2 36. Rxb2 Rxb2 37. Rd8 h5 38. Kh2 Bc4 39. Rd1 Be2
40. Rg1 Bxf3 41. Kg3 Rxg2+ 42. Rxg2 Bxg2 43. Kxg2 Kf6 44. Kf3 Kf5 0-1

[Event "32. Copenhagen Open (Politiken Cup)"]
[Site "Elsinore"]
[Date "2010.07.31"]
[Round "1"]
[White "Marshall, Michael"]
[Black "Carlstedt, Jonathan"]
[Result "0-1"]
[WhiteElo "1901"]
[BlackElo "2379"]
[PlyCount "62"]
[EventDate "2010.07.31"]
[EventType "swiss"]
[EventRounds "10"]
[EventCountry "DEN"]
[Source "ChessBase"]
[SourceDate "2010.09.01"]

1. d4 d5 2. Nf3 e6 3. e3 c5 4. b3 Nc6 5. Bb2 cxd4 6. exd4 Bd6 7. Bd3 Nge7 8.
O-O Ng6 9. g3 Bd7 10. a3 Qf6 11. Re1 O-O 12. c4 e5 13. cxd5 Bg4 14. dxc6 Bxf3
15. Qd2 exd4 16. Be4 Bxe4 17. Rxe4 Ne5 18. Qd1 Nxc6 19. Nd2 Rfe8 20. Qe2 Rxe4
21. Qxe4 Qe6 22. Qxe6 fxe6 23. Ne4 Be7 24. f4 e5 25. fxe5 Nxe5 26. Kg2 Rd8 27.
Rd1 Nc6 28. b4 Rd5 29. h3 a5 30. bxa5 Rxa5 31. Bxd4 Rd5 0-1

[Event "32. Copenhagen Open (Politiken Cup)"]
[Site "Elsinore"]
[Date "2010.07.31"]
[Round "1"]
[White "Mchedlishvili, Mikheil"]
[Black "Moripen, Markus"]
[Result "1-0"]
[WhiteElo "2625"]
[BlackElo "1953"]
[PlyCount "69"]
[EventDate "2010.07.31"]
[EventType "swiss"]
[EventRounds "10"]
[EventCountry "DEN"]
[Source "ChessBase"]
[SourceDate "2010.09.01"]

1. d4 Nf6 2. c4 g6 3. g3 Bg7 4. Bg2 O-O 5. Nc3 d6 6. Nf3 Nc6 7. O-O a6 8. Bf4
Bd7 9. Rc1 Rb8 10. a3 Nh5 11. Bg5 b5 12. cxb5 axb5 13. b4 h6 14. Be3 Kh7 15.
Qd3 Bf5 16. Qd2 Qd7 17. Nxb5 Nxb4 18. Nxc7 Rfc8 19. axb4 Rxc7 20. Nh4 Rxc1 21.
Rxc1 Bh3 22. Bc6 Qa7 23. b5 f5 24. Ng2 g5 25. f3 Bf6 26. Bf2 Qa3 27. Qc3 Qa2
28. Qc2 Qa3 29. Rb1 Ng7 30. Rd1 Ne6 31. Qc4 Nd8 32. Be8 Qa5 33. Ne3 e6 34. d5
e5 35. Qc2 1-0

[Event "32. Copenhagen Open (Politiken Cup)"]
[Site "Elsinore"]
[Date "2010.07.31"]
[Round "1"]
[White "Mollmann, Erik"]
[Black "Hvenekilde, Jorgen"]
[Result "0-1"]
[WhiteElo "1698"]
[BlackElo "2111"]
[PlyCount "84"]
[EventDate "2010.07.31"]
[EventType "swiss"]
[EventRounds "10"]
[EventCountry "DEN"]
[Source "ChessBase"]
[SourceDate "2010.09.01"]

1. d4 Nf6 2. Bf4 d6 3. e3 g6 4. Be2 Bg7 5. c4 O-O 6. Nc3 c6 7. Nf3 a6 8. O-O b5
9. c5 Nh5 10. Bg5 h6 11. Bh4 dxc5 12. dxc5 Qc7 13. Nd4 e5 14. Bxh5 exd4 15. Bg3
Qd7 16. exd4 gxh5 17. Qxh5 Qxd4 18. Bd6 Qg4 19. Qxg4 Bxg4 20. Bxf8 Kxf8 21.
Rac1 Nd7 22. b4 Nf6 23. h3 Be6 24. a3 a5 25. f4 Bc4 26. Rf3 axb4 27. axb4 Nd5
28. Ne4 Nxb4 29. f5 Bd4+ 30. Kh2 Bd5 31. Nd2 Be5+ 32. g3 Bxf3 33. Nxf3 Ra2+ 34.
Kh1 Ra1 35. Rg1 Rxg1+ 36. Kxg1 Bxg3 37. Nd2 Bb8 38. Kf1 Ba7 39. Nb3 Ke7 40. Ke2
Na6 41. Nd4 Kd7 42. f6 Bxc5 0-1

[Event "32. Copenhagen Open (Politiken Cup)"]
[Site "Elsinore"]
[Date "2010.07.31"]
[Round "1"]
[White "Munk, Poul"]
[Black "Macieja, Bartlomiej"]
[Result "0-1"]
[WhiteElo "1959"]
[BlackElo "2639"]
[PlyCount "46"]
[EventDate "2010.07.31"]
[EventType "swiss"]
[EventRounds "10"]
[EventCountry "DEN"]
[Source "ChessBase"]
[SourceDate "2010.09.01"]

1. c4 e5 2. Nc3 Nf6 3. Nf3 Nc6 4. d4 exd4 5. Nxd4 Bb4 6. Bg5 h6 7. Bh4 O-O 8.
f3 d5 9. cxd5 Qxd5 10. Nxc6 Qxc6 11. Qb3 a5 12. a3 Be6 13. Qc2 Nd5 14. Rc1
Bxc3+ 15. bxc3 Ne3 16. Qd3 Nxf1 17. Rxf1 Bc4 18. Qd2 g5 19. Bg3 Rad8 20. Qb2
Bxe2 21. Qxe2 Rfe8 22. Qxe8+ Rxe8+ 23. Kd2 Qd5+ 0-1

[Event "32. Copenhagen Open (Politiken Cup)"]
[Site "Elsinore"]
[Date "2010.07.31"]
[Round "1"]
[White "Nielsen, Klaus"]
[Black "Bremer, Erik"]
[Result "1-0"]
[WhiteElo "2095"]
[BlackElo "1669"]
[PlyCount "81"]
[EventDate "2010.07.31"]
[EventType "swiss"]
[EventRounds "10"]
[EventCountry "DEN"]
[Source "ChessBase"]
[SourceDate "2010.09.01"]

1. d4 Nf6 2. Nf3 e6 3. Bg5 d5 4. Nbd2 c5 5. e3 Nbd7 6. c3 Be7 7. Bd3 O-O 8. O-O
Qc7 9. Rc1 Re8 10. Qe2 b6 11. e4 dxe4 12. Nxe4 Bb7 13. Nxf6+ Bxf6 14. Bxf6 Nxf6
15. Bb5 Red8 16. Ne5 a6 17. Ba4 b5 18. Bb3 Qd6 19. Rcd1 c4 20. Bc2 Qd5 21. f3
Qd6 22. Qf2 Nd5 23. Rde1 Qe7 24. Qg3 Nf6 25. Qh4 h6 26. f4 Qc7 27. Re3 b4 28.
Rg3 Kf8 29. f5 Qd6 30. fxe6 Qxe6 31. Rf2 bxc3 32. bxc3 Rab8 33. h3 Bd5 34. Kh2
Rb2 35. Bf5 Qb6 36. Rxb2 Qxb2 37. Nd7+ Rxd7 38. Bxd7 Qe2 39. Bf5 Qxa2 40. Qf4
h5 41. Qd6+ 1-0

[Event "32. Copenhagen Open (Politiken Cup)"]
[Site "Elsinore"]
[Date "2010.07.31"]
[Round "1"]
[White "Nielsen, Lars Aaes"]
[Black "Vesterli, Michael E"]
[Result "1/2-1/2"]
[WhiteElo "2279"]
[BlackElo "1862"]
[PlyCount "117"]
[EventDate "2010.07.31"]
[EventType "swiss"]
[EventRounds "10"]
[EventCountry "DEN"]
[Source "ChessBase"]
[SourceDate "2010.09.01"]

1. e4 c5 2. c3 d6 3. d4 Nf6 4. dxc5 dxc5 5. Qxd8+ Kxd8 6. f3 e6 7. Bf4 Nc6 8.
Na3 e5 9. O-O-O+ Bd7 10. Bg3 Nh5 11. Bc4 Nxg3 12. hxg3 f6 13. Be6 Nb8 14. f4
Kc8 15. Bxd7+ Nxd7 16. Nf3 Kc7 17. fxe5 fxe5 18. Rd5 a6 19. Nc4 Nf6 20. Rxe5 b5
21. Ne3 Bd6 22. Nd5+ Nxd5 23. Rxd5 Bxg3 24. Rxc5+ Kb6 25. Rf5 Rae8 26. e5 Re6
27. Rh3 Rg6 28. Kc2 h6 29. Ng5 Be1 30. Kd1 Rd8+ 31. Kxe1 hxg5 32. Rg3 g4 33.
Re3 Re8 34. Kf2 Kc6 35. Rf7 Kd5 36. Rd7+ Kc6 37. Ra7 Kd5 38. e6 Rf6+ 39. Kg3
Rexe6 40. Rxe6 Rxe6 41. Rxg7 Re2 42. Ra7 Rxb2 43. Rxa6 Rc2 44. Ra8 Kc4 45. Rc8+
Kd3 46. Rb8 Kc4 47. Rc8+ Kd3 48. Rb8 Kc4 49. a4 Rxc3+ 50. Kxg4 bxa4 51. Ra8 Kb3
52. Rb8+ Kc2 53. Ra8 Rc4+ 54. Kf5 Kb3 55. g4 a3 56. g5 a2 57. g6 Ra4 58. Rxa4
Kxa4 59. g7 1/2-1/2

[Event "32. Copenhagen Open (Politiken Cup)"]
[Site "Elsinore"]
[Date "2010.07.31"]
[Round "1"]
[White "Nielsen, Morten"]
[Black "Rodshtein, Maxim"]
[Result "0-1"]
[WhiteElo "1949"]
[BlackElo "2609"]
[PlyCount "78"]
[EventDate "2010.07.31"]
[EventType "swiss"]
[EventRounds "10"]
[EventCountry "DEN"]
[Source "ChessBase"]
[SourceDate "2010.09.01"]

1. e4 c5 2. f4 d5 3. exd5 Qxd5 4. Nc3 Qd8 5. Nf3 Nf6 6. Ne5 e6 7. Bb5+ Nbd7 8.
Qe2 Be7 9. b3 O-O 10. Bxd7 Bxd7 11. Bb2 Rc8 12. O-O g6 13. g4 c4 14. g5 Nh5 15.
bxc4 Qb6+ 16. Kg2 Bc6+ 17. Nxc6 Qxc6+ 18. Ne4 Qxc4 19. Qxc4 Rxc4 20. Kf3 Rxc2
21. Bc3 f6 22. Ke2 fxg5 23. fxg5 Rxf1 24. Kxf1 Nf4 25. Ke1 Nd5 26. Kd1 Nxc3+
27. Nxc3 Rb2 28. Ne4 Kf7 29. Rc1 e5 30. Rc7 Ke6 31. Kc1 Rb6 32. Kd1 Rb4 33. d3
a5 34. Kc2 a4 35. Kc3 Rb1 36. Kc2 Rh1 37. Rxb7 Rxh2+ 38. Kb1 a3 39. Rb5 Kf5 0-1

[Event "32. Copenhagen Open (Politiken Cup)"]
[Site "Elsinore"]
[Date "2010.07.31"]
[Round "1"]
[White "Nielsen, Palle"]
[Black "Dyrgaard, Kristoffer"]
[Result "0-1"]
[WhiteElo "1851"]
[BlackElo "2254"]
[PlyCount "64"]
[EventDate "2010.07.31"]
[EventType "swiss"]
[EventRounds "10"]
[EventCountry "DEN"]
[Source "ChessBase"]
[SourceDate "2010.09.01"]

1. c4 e5 2. Nc3 Nc6 3. e3 Nf6 4. a3 g6 5. d4 Bg7 6. d5 Ne7 7. e4 d6 8. h3 O-O
9. Be2 Ne8 10. g4 c6 11. g5 cxd5 12. cxd5 f5 13. gxf6 Nxf6 14. Be3 Bd7 15. h4
Qe8 16. Qd2 b5 17. Nh3 a5 18. Bd3 Ng4 19. Ng5 Nxe3 20. Qxe3 b4 21. axb4 axb4
22. Rxa8 Qxa8 23. Nd1 Bh6 24. Qb6 Qb8 25. Qxb8 Rxb8 26. Rg1 Rc8 27. Be2 Ba4 28.
Rg3 Bc2 29. Re3 Rf8 30. f3 Rf4 31. Bd3 Bxd1 32. Kxd1 Rxh4 0-1

[Event "32. Copenhagen Open (Politiken Cup)"]
[Site "Elsinore"]
[Date "2010.07.31"]
[Round "1"]
[White "Nilsson, Anders1"]
[Black "Jessen, Ernst J"]
[Result "1-0"]
[WhiteElo "2160"]
[BlackElo "1771"]
[PlyCount "101"]
[EventDate "2010.07.31"]
[EventType "swiss"]
[EventRounds "10"]
[EventCountry "DEN"]
[Source "ChessBase"]
[SourceDate "2010.09.01"]

1. d4 Nf6 2. c4 d5 3. Nc3 c6 4. cxd5 Nxd5 5. e4 Nxc3 6. bxc3 g6 7. Nf3 Bg7 8.
Bc4 O-O 9. Be3 b6 10. O-O Ba6 11. Bxa6 Nxa6 12. Qa4 Qc8 13. Rab1 b5 14. Qa5 Nc7
15. c4 a6 16. Rfc1 Qd7 17. d5 cxd5 18. cxd5 Rfc8 19. Rc6 e6 20. Rbc1 Ne8 21.
Qd2 exd5 22. exd5 Nd6 23. Bf4 Nc4 24. Rxc8+ Rxc8 25. Qd3 Rc5 26. d6 Rc6 27. Qd5
Rc8 28. Re1 Bf6 29. h4 h6 30. Nd4 Nb6 31. Qe4 Nc4 32. Nb3 Kg7 33. Rd1 Re8 34.
Qd5 Nb6 35. Qd2 Nc4 36. Qd5 Nb6 37. Qc5 Na8 38. h5 g5 39. Bg3 Rc8 40. Qd5 Nb6
41. Qe4 Nc4 42. Nd4 Rc6 43. Nb3 Rc8 44. Re1 Nb6 45. Be5 Qe6 46. Bxf6+ Qxf6 47.
Nd4 Rd8 48. Nf5+ Kh8 49. Qe7 Qxe7 50. dxe7 Re8 51. Nd6 1-0

[Event "32. Copenhagen Open (Politiken Cup)"]
[Site "Elsinore"]
[Date "2010.07.31"]
[Round "1"]
[White "Ochsner, Bjorn Moller"]
[Black "Asmund, Erik"]
[Result "1-0"]
[WhiteElo "2165"]
[BlackElo "1778"]
[PlyCount "53"]
[EventDate "2010.07.31"]
[EventType "swiss"]
[EventRounds "10"]
[EventCountry "DEN"]
[Source "ChessBase"]
[SourceDate "2010.09.01"]

1. e4 e5 2. Nf3 d6 3. d4 exd4 4. Nxd4 g6 5. Nc3 Bg7 6. Be3 Bd7 7. Qd2 Ne7 8.
O-O-O a6 9. Bh6 O-O 10. h4 Nbc6 11. Bxg7 Kxg7 12. h5 Ng8 13. Nd5 Nxd4 14. Qxd4+
f6 15. Be2 g5 16. f4 Bc6 17. fxg5 Bxd5 18. exd5 Qe8 19. h6+ Kh8 20. g6 hxg6 21.
h7 Qxe2 22. hxg8=Q+ Kxg8 23. Rde1 Qxg2 24. Reg1 Qf3 25. Qh4 Kf7 26. Qh7+ Ke8
27. Re1+ 1-0

[Event "32. Copenhagen Open (Politiken Cup)"]
[Site "Elsinore"]
[Date "2010.07.31"]
[Round "1"]
[White "Pedersen, Carl Aage"]
[Black "Willumsen, Henrik"]
[Result "0-1"]
[WhiteElo "1776"]
[BlackElo "2165"]
[PlyCount "26"]
[EventDate "2010.07.31"]
[EventType "swiss"]
[EventRounds "10"]
[EventCountry "DEN"]
[Source "ChessBase"]
[SourceDate "2010.09.01"]

1. d4 d5 2. c4 c6 3. Nf3 Nf6 4. Nc3 e6 5. Bg5 dxc4 6. a4 Nbd7 7. e4 Qa5 8. Bd2
Bb4 9. Bxc4 O-O 10. O-O c5 11. d5 Nb6 12. b3 Nxc4 13. bxc4 Bxc3 0-1

[Event "32. Copenhagen Open (Politiken Cup)"]
[Site "Elsinore"]
[Date "2010.07.31"]
[Round "1"]
[White "Petersen, Jan Han"]
[Black "Skovgaard, Tom"]
[Result "0-1"]
[WhiteElo "1700"]
[BlackElo "2014"]
[PlyCount "74"]
[EventDate "2010.07.31"]
[EventType "swiss"]
[EventRounds "10"]
[EventCountry "DEN"]
[Source "ChessBase"]
[SourceDate "2010.09.01"]

1. d4 Nf6 2. c4 e6 3. Nc3 Bb4 4. a3 Bxc3+ 5. bxc3 c5 6. f3 O-O 7. e4 d6 8. Bd3
e5 9. d5 Ne8 10. Ne2 f5 11. exf5 Bxf5 12. O-O Nd7 13. Ng3 Bxd3 14. Qxd3 Qh4 15.
Ne4 h6 16. Be3 Ndf6 17. Bf2 Qh5 18. Ng3 Qf7 19. Ne4 Nxe4 20. fxe4 Qg6 21. Rab1
Rb8 22. a4 Nf6 23. Bh4 Qxe4 24. Qxe4 Nxe4 25. Rfe1 Nf6 26. a5 Kf7 27. Rb3 g5
28. Bg3 b6 29. Reb1 Nd7 30. axb6 Nxb6 31. Ra3 Rb7 32. Rba1 Nxc4 33. Ra4 Ne3 34.
c4 Kg6 35. Ra6 Nxc4 36. Rxa7 Rxa7 37. Rxa7 Ne3 0-1

[Event "32. Copenhagen Open (Politiken Cup)"]
[Site "Elsinore"]
[Date "2010.07.31"]
[Round "1"]
[White "Petersen, Nils"]
[Black "Jensen, Hans Askov"]
[Result "1-0"]
[WhiteElo "2053"]
[BlackElo "1600"]
[PlyCount "75"]
[EventDate "2010.07.31"]
[EventType "swiss"]
[EventRounds "10"]
[EventCountry "DEN"]
[Source "ChessBase"]
[SourceDate "2010.09.01"]

1. c4 e5 2. Nc3 Nf6 3. Nf3 Nc6 4. a3 d5 5. cxd5 Nxd5 6. Qc2 g6 7. Nxe5 Nxe5 8.
Qe4 Bg7 9. Qxd5 O-O 10. Qxd8 Rxd8 11. d3 b6 12. Bf4 c5 13. O-O-O Ng4 14. Bg3
Be6 15. h3 Ne5 16. Kc2 c4 17. d4 Nc6 18. e3 Na5 19. f3 Rab8 20. Bxb8 Rxb8 21.
d5 Bd7 22. g4 b5 23. e4 Nb3 24. f4 a5 25. e5 f5 26. g5 Bc8 27. Rh2 Ba6 28. d6
b4 29. axb4 axb4 30. Nd5 Nc5 31. Nc7 b3+ 32. Kb1 c3 33. bxc3 Bxf1 34. Rxf1 Ne4
35. Kb2 Nc5 36. Rd2 Na4+ 37. Ka3 Nxc3 38. Rb2 1-0

[Event "32. Copenhagen Open (Politiken Cup)"]
[Site "Elsinore"]
[Date "2010.07.31"]
[Round "1"]
[White "Petersen, Peter Birk"]
[Black "Haagen Larsen, Hans"]
[Result "1-0"]
[WhiteElo "2178"]
[BlackElo "1798"]
[PlyCount "83"]
[EventDate "2010.07.31"]
[EventType "swiss"]
[EventRounds "10"]
[EventCountry "DEN"]
[Source "ChessBase"]
[SourceDate "2010.09.01"]

1. e4 e6 2. d3 d5 3. Nd2 c5 4. Ngf3 Nc6 5. g3 Bd6 6. Bg2 Nge7 7. O-O f6 8. c3
O-O 9. exd5 exd5 10. d4 c4 11. b3 b5 12. a4 b4 13. cxb4 c3 14. Nb1 Bxb4 15. Ba3
a5 16. Qc1 Ba6 17. Re1 c2 18. Nbd2 Bd3 19. Re3 Bxa3 20. Qxa3 Nb4 21. Ne1 Bg6
22. Qb2 Rc8 23. Rc1 Qc7 24. Bh3 f5 25. Ndf3 f4 26. Re2 fxg3 27. hxg3 Bd3 28.
Re3 Qc3 29. Qxc3 Rxc3 30. Ne5 Na2 31. N5xd3 Nxc1 32. Nxc1 Rc7 33. Be6+ Kh8 34.
Kg2 g6 35. Ned3 Nc6 36. Bxd5 Nxd4 37. Nf4 Rfc8 38. Bc4 Rxc4 39. bxc4 Rxc4 40.
Re8+ Kg7 41. Re4 Rb4 42. Rxd4 1-0

[Event "32. Copenhagen Open (Politiken Cup)"]
[Site "Elsinore"]
[Date "2010.07.31"]
[Round "1"]
[White "Preuss, Flemming"]
[Black "Madsen, Dennis"]
[Result "1-0"]
[WhiteElo "2039"]
[BlackElo "1557"]
[PlyCount "83"]
[EventDate "2010.07.31"]
[EventType "swiss"]
[EventRounds "10"]
[EventCountry "DEN"]
[Source "ChessBase"]
[SourceDate "2010.09.01"]

1. e4 d5 2. exd5 Nf6 3. Bb5+ Bd7 4. Bc4 c6 5. dxc6 Nxc6 6. Nf3 e5 7. d3 Bc5 8.
O-O O-O 9. Nbd2 Bg4 10. c3 Re8 11. b4 Bb6 12. a4 e4 13. dxe4 Nxe4 14. Qb3 Qf6
15. a5 Nxd2 16. Nxd2 Bc7 17. Bd5 Qg6 18. a6 b5 19. Nf3 Rad8 20. Be3 Bxf3 21.
Bxf3 Ne5 22. Be2 Ng4 23. Bxg4 Qxg4 24. Rad1 Qh5 25. g3 Qf3 26. Rfe1 h5 27. Rxd8
Bxd8 28. Qd1 Qe4 29. Qxh5 Qc2 30. Qxb5 Re6 31. c4 Qc3 32. Rd1 Bb6 33. c5 Rxe3
34. fxe3 Qxe3+ 35. Kf1 Qf3+ 36. Ke1 Qh1+ 37. Kd2 Qxh2+ 38. Qe2 Qh6+ 39. Kc2
Qg6+ 40. Qd3 Qc6 41. Kb3 Bc7 42. Qd7 1-0

[Event "32. Copenhagen Open (Politiken Cup)"]
[Site "Elsinore"]
[Date "2010.07.31"]
[Round "1"]
[White "Rasmussen, Allan Stig"]
[Black "Christiansen, Johan Sebastian"]
[Result "1-0"]
[WhiteElo "2510"]
[BlackElo "1921"]
[PlyCount "81"]
[EventDate "2010.07.31"]
[EventType "swiss"]
[EventRounds "10"]
[EventCountry "DEN"]
[Source "ChessBase"]
[SourceDate "2010.09.01"]

1. d4 Nf6 2. g3 g6 3. Bg2 Bg7 4. e4 d6 5. Ne2 O-O 6. Nbc3 Nbd7 7. h3 c6 8. a4
Re8 9. O-O Qc7 10. Be3 e5 11. g4 Nb6 12. b3 h5 13. g5 Nh7 14. f4 exf4 15. Bxf4
Qd8 16. Qd2 Bf8 17. h4 Bg4 18. Bg3 Qd7 19. Rf2 Rad8 20. Raf1 Re7 21. Nf4 Bg7
22. Nd1 c5 23. c3 Bxd1 24. Qxd1 a5 25. Rd2 c4 26. Rb2 Ree8 27. Kh2 Kh8 28. Rbf2
Rf8 29. Nxh5 gxh5 30. Bh3 f5 31. Qxh5 Kg8 32. Bxf5 Rxf5 33. exf5 cxb3 34. f6
Nd5 35. fxg7 Ne3 36. Rf8+ Rxf8 37. Rxf8+ Nxf8 38. Qh8+ Kf7 39. g8=Q+ Ke7 40.
Qf6+ Ke8 41. Qgxf8# 1-0

[Event "32. Copenhagen Open (Politiken Cup)"]
[Site "Elsinore"]
[Date "2010.07.31"]
[Round "1"]
[White "Rolvag, Birk Anders"]
[Black "Brynell, Stellan"]
[Result "0-1"]
[WhiteElo "1919"]
[BlackElo "2495"]
[PlyCount "152"]
[EventDate "2010.07.31"]
[EventType "swiss"]
[EventRounds "10"]
[EventCountry "DEN"]
[Source "ChessBase"]
[SourceDate "2010.09.01"]

1. Nf3 Nf6 2. c4 b6 3. g3 Bb7 4. Bg2 e6 5. O-O Be7 6. Nc3 O-O 7. d4 Na6 8. Re1
d5 9. Ne5 c5 10. cxd5 exd5 11. dxc5 Nxc5 12. Nd3 Nce4 13. Nf4 Bc5 14. Nd3 Be7
15. Nf4 Bb4 16. Qb3 Bxc3 17. bxc3 Rc8 18. Bb2 Re8 19. Rad1 Qc7 20. Rd4 Qc5 21.
Rc1 Ba6 22. Ba3 Bc4 23. Bxc5 Bxb3 24. axb3 Nxc5 25. Rb1 Ne6 26. Nxe6 fxe6 27.
c4 dxc4 28. bxc4 Re7 29. e3 e5 30. Rd6 Kf8 31. Bf1 Ne4 32. Rd3 Rf7 33. Rb2 Ke7
34. Ra3 Kd6 35. Bd3 Nf6 36. Rd2 Kc5 37. Rb2 e4 38. Rb5+ Kc6 39. Be2 Rd8 40. Ra2
Rfd7 41. Kf1 Rc7 42. g4 Nd7 43. f3 Nc5 44. fxe4 Rf7+ 45. Kg2 Rdf8 46. e5 Rf2+
47. Kg1 R2f7 48. Rb1 Ne4 49. e6 Re7 50. Rf1 Rxf1+ 51. Bxf1 a5 52. Bg2 Rxe6 53.
Rd2 Kc7 54. Rd4 Nc5 55. Kf2 Rd6 56. Bd5 Rf6+ 57. Ke2 Rh6 58. Rf4 Rf6 59. Rd4 g5
60. Bg2 Rd6 61. Rd5 Rxd5 62. Bxd5 Kd6 63. Kd2 Nd7 64. Kc3 Kc5 65. h3 Ne5 66.
Be6 h6 67. Bg8 Nf3 68. Bd5 Ne5 69. Be6 a4 70. Bg8 a3 71. Kb3 Nxc4 72. e4 Nd2+
73. Kxa3 Nxe4 74. Be6 Nf2 75. Kb3 Nxh3 76. Bf5 Kd4 0-1

[Event "32. Copenhagen Open (Politiken Cup)"]
[Site "Elsinore"]
[Date "2010.07.31"]
[Round "1"]
[White "Rosenkilde, Alexander"]
[Black "Barane, Simon"]
[Result "1-0"]
[WhiteElo "2204"]
[BlackElo "1808"]
[PlyCount "63"]
[EventDate "2010.07.31"]
[EventType "swiss"]
[EventRounds "10"]
[EventCountry "DEN"]
[Source "ChessBase"]
[SourceDate "2010.09.01"]

1. d4 d5 2. c4 c6 3. Nf3 Nf6 4. e3 e6 5. b3 Nbd7 6. Bd3 dxc4 7. bxc4 c5 8. O-O
b6 9. Nc3 Bb7 10. Qe2 Be7 11. Rd1 O-O 12. Bb2 Bc6 13. d5 exd5 14. cxd5 Bb7 15.
e4 h6 16. e5 Nxd5 17. Nxd5 Bxd5 18. Bf5 Be6 19. Bxe6 fxe6 20. Qb5 Qe8 21. Qxd7
Qf7 22. Qb7 Rfb8 23. Qe4 g5 24. Rd7 h5 25. Rad1 Rf8 26. h3 Kh8 27. Nxg5 Qxf2+
28. Kh1 Rf5 29. Qxa8+ Bf8 30. Nxe6 Qxb2 31. Nxf8 Rg5 32. Ng6# 1-0

[Event "32. Copenhagen Open (Politiken Cup)"]
[Site "Elsinore"]
[Date "2010.07.31"]
[Round "1"]
[White "Rostgaard, Tobias Valentin"]
[Black "Jacobsen, Per"]
[Result "1-0"]
[WhiteElo "2103"]
[BlackElo "1689"]
[PlyCount "48"]
[EventDate "2010.07.31"]
[EventType "swiss"]
[EventRounds "10"]
[EventCountry "DEN"]
[Source "ChessBase"]
[SourceDate "2010.09.01"]

1. d4 Nf6 2. c4 e5 3. dxe5 Ne4 4. Nf3 Nc6 5. Nbd2 Bb4 6. e3 Qe7 7. Be2 Nxe5 8.
O-O Nxf3+ 9. Nxf3 O-O 10. a3 Bc5 11. Qc2 a6 12. b4 Ba7 13. Bd3 Nf6 14. Bb2 h6
15. c5 b6 16. Bd4 Bb7 17. cxb6 cxb6 18. Qb2 Bxf3 19. Bxf6 Qxf6 20. Qxf6 gxf6
21. gxf3 b5 22. a4 Kh8 23. axb5 Rg8+ 24. Kh1 axb5 1-0

[Event "32. Copenhagen Open (Politiken Cup)"]
[Site "Elsinore"]
[Date "2010.07.31"]
[Round "1"]
[White "Satre, Roger"]
[Black "Schou Moldt, Thomas"]
[Result "0-1"]
[WhiteElo "1801"]
[BlackElo "2183"]
[PlyCount "70"]
[EventDate "2010.07.31"]
[EventType "swiss"]
[EventRounds "10"]
[EventCountry "DEN"]
[Source "ChessBase"]
[SourceDate "2010.09.01"]

1. e4 e5 2. Nf3 Nc6 3. d4 exd4 4. Bc4 Nf6 5. e5 d5 6. Bb5 Ng4 7. Nxd4 Ngxe5 8.
Qe2 Qe7 9. Bf4 Bd7 10. Bxc6 Nxc6 11. Nxc6 Bxc6 12. Bxc7 Qxe2+ 13. Kxe2 Kd7 14.
Bg3 Bb5+ 15. Kd1 Re8 16. Nc3 Bc6 17. f3 Bc5 18. Re1 Rxe1+ 19. Bxe1 Re8 20. a3
Bd6 21. Bg3 Bc5 22. Kd2 Bd4 23. Re1 Rc8 24. Be5 Bb6 25. Kd3 f6 26. Bd4 Bc7 27.
Bxa7 b6 28. b4 Kd6 29. b5 Bd7 30. Kd4 Be6 31. Na4 Ra8 32. Nxb6 Rxa7 33. Nxd5
Bxd5 34. c4 Bb6+ 35. Kc3 Ba5+ 0-1

[Event "32. Copenhagen Open (Politiken Cup)"]
[Site "Elsinore"]
[Date "2010.07.31"]
[Round "1"]
[White "Schandorff, Lars"]
[Black "Johansen, Johnny Holler"]
[Result "1-0"]
[WhiteElo "2491"]
[BlackElo "1918"]
[PlyCount "129"]
[EventDate "2010.07.31"]
[EventType "swiss"]
[EventRounds "10"]
[EventCountry "DEN"]
[Source "ChessBase"]
[SourceDate "2010.09.01"]

1. Nf3 Nf6 2. c4 g6 3. Nc3 Bg7 4. g3 d6 5. d4 O-O 6. Bg2 Nbd7 7. O-O c5 8. b3
Rb8 9. e4 cxd4 10. Nxd4 Nc5 11. h3 Ne6 12. Be3 a6 13. Rc1 Nxd4 14. Bxd4 Bd7 15.
e5 Ne8 16. Re1 dxe5 17. Bxe5 Bxe5 18. Rxe5 Nf6 19. Re3 Be6 20. Ne2 Qxd1+ 21.
Rxd1 Rfd8 22. Red3 Rxd3 23. Rxd3 Bf5 24. Rd2 e5 25. g4 Be6 26. f4 Nd7 27. Bd5
Bxd5 28. Rxd5 Nf6 29. Rxe5 Rd8 30. Ng3 Rd1+ 31. Kf2 Kf8 32. Re1 Rd2+ 33. Re2
Rd3 34. Kg2 Rd4 35. g5 Ne8 36. Re4 Rd2+ 37. Re2 Rd4 38. Rf2 Ng7 39. f5 Ke8 40.
Re2+ Kd7 41. Rf2 Ke8 42. Ne2 Rd2 43. fxg6 fxg6 44. Nf4 Rd4 45. Nd5 Nh5 46. Nf6+
Nxf6 47. Rxf6 Rd2+ 48. Kg3 Rxa2 49. Rb6 Rb2 50. Rxb7 a5 51. Rb5 Kd7 52. Kf4 Ke6
53. Rb6+ Kd7 54. Rb5 Ke6 55. Ke4 Rh2 56. Rxa5 Rxh3 57. Ra6+ Kd7 58. b4 Rh4+ 59.
Kd5 Rh5 60. Ra7+ Kc8 61. Kc6 Kb8 62. Rb7+ Kc8 63. Rg7 Kd8 64. b5 Rxg5 65. b6
1-0

[Event "32. Copenhagen Open (Politiken Cup)"]
[Site "Elsinore"]
[Date "2010.07.31"]
[Round "1"]
[White "Schmidt, Horst Hubert"]
[Black "Petersen, Tom Petri"]
[Result "0-1"]
[WhiteElo "1878"]
[BlackElo "2307"]
[PlyCount "34"]
[EventDate "2010.07.31"]
[EventType "swiss"]
[EventRounds "10"]
[EventCountry "DEN"]
[Source "ChessBase"]
[SourceDate "2010.09.01"]

1. d4 Nf6 2. Nf3 g6 3. c4 Bg7 4. Nc3 O-O 5. e3 d6 6. Be2 Nbd7 7. O-O e5 8. Qc2
Re8 9. dxe5 dxe5 10. e4 c6 11. Rd1 Qe7 12. h3 Nc5 13. b4 Ne6 14. Be3 Qxb4 15.
Rab1 Qa5 16. Nd2 Nd4 17. Qd3 Qxc3 0-1